Every Song by Against the Current - Statistics

General Stats
  • This quiz has been taken 33 times
    32 since last reset
  • The average score is 30 of 52
Answer Stats
Album Song % Correct
Gravity(2015) Gravity
88%
fever(2021) weapon
83%
Infinity(2014) Infinity
79%
fever(2021) again & again
75%
Non-Album(2023) "good guy"
75%
Non-Album(2017) Legends Never Die
75%
fever(2021) lullaby
75%
Past Lives(2018) Strangers Again
75%
Against the Current(2016) Brighter
71%
Gravity(2015) Fireproof
71%
Against the Current(2016) Forget Me Now
71%
fever(2021) jump
71%
Against the Current(2016) Roses
71%
Against the Current(2016) Running with the Wild Things
71%
fever(2021) that won't save us
71%
Against the Current(2016) Wasteland
71%
Against the Current(2016) Blood Like Gasoline
67%
Non-Album(2023) silent stranger
67%
Gravity(2015) Talk
67%
Past Lives(2018) Voices
67%
Infinity(2014) Another You (Another Way)
63%
Non-Album(2022) blindfolded
63%
fever(2021) burn it down
63%
Against the Current(2016) Demons
63%
Non-Album(2015) Outsiders
63%
Gravity(2015) Paralyzed
63%
Non-Album(2022) Wildfire
63%
Infinity(2014) Closer, Faster
58%
Past Lives(2018) I Like The Way
58%
Against the Current(2016) In Our Bones
58%
Against the Current(2016) Runaway
58%
Past Lives(2018) Sweet Surrender
58%
Against the Current(2016) Chasing Ghosts
54%
Infinity(2014) Comeback Kid
54%
Gravity(2015) Dreaming Alone
54%
Against the Current(2016) One More Weekend
54%
Past Lives(2018) P.A.T.T.
54%
Past Lives(2018) Personal
54%
fever(2021) shatter
54%
Against the Current(2016) Young & Relentless
54%
Past Lives(2018) Almost Forgot
50%
Past Lives(2018) Scream
46%
Infinity(2014) Something You Need
46%
Past Lives(2018) The Fuss
46%
Past Lives(2018) Come Alive
42%
Past Lives(2018) Friendly Reminder
38%
Non-Album(2012) Thinking
29%
Against the Current(Bonus)(2016) Zombie
29%
Non-Album(2013) Guessing
25%
Past Lives(Bonus)(2018) Eyes Like Guns
21%
Against the Current(Bonus)(2016) Steal the Night
21%
Past Lives(Bonus)(2018) NIJI
17%
No matching quizzes found
Score Distribution
Percent of People with Each Score
Percentile by Number Answered
Your Score History
You have not taken this quiz since the last reset